| 000 | 00465nam a2200145Ia 4500 | ||
|---|---|---|---|
| 008 | 230917s9999||||xx |||||||||||||| ||und|| | ||
| 040 |
_e48771 _aMAIN |
||
| 041 | _aEnglish | ||
| 082 | _a823.8 D772P | ||
| 100 | _aDoyle, Arthur Conan | ||
| 245 | 0 | _aProfessor challenger stories: The lost world, the poison belt, the land of most, the disintegration machine, when the world screamed | |
| 260 |
_aLondon _bJohn Murray _c1963 |
||
| 300 | _av, 577 p. | ||
| 942 | _cBK | ||
| 999 |
_c188441 _d188441 |
||